study on land encroachment for cultivation in dombe district kom pongcham province (សិក្សាពីការរុករានដីព្រៃដើម្បីធ្វើកសិកម្មនៅស្រុុកតំបែរ​ ខេត្តកំពង់ចាម) (Record no. 3349)

000 -LEADER
fixed length control field 00656nam a22001577a 4500
003 - CONTROL NUMBER IDENTIFIER
control field OSt
005 - DATE AND TIME OF LATEST TRANSACTION
control field 20151112112011.0
008 - FIXED-LENGTH DATA ELEMENTS--GENERAL INFORMATION
fixed length control field 151112b xxu||||| |||| 00| 0 eng d
040 ## - CATALOGING SOURCE
Transcribing agency RUA
082 ## - DEWEY DECIMAL CLASSIFICATION NUMBER
Classification number FOR CHH 2004 B130 Or.1
100 ## - MAIN ENTRY--PERSONAL NAME
9 (RLIN) 3598
Personal name CHHOY, SOKNOV.
245 ## - TITLE STATEMENT
Title study on land encroachment for cultivation in dombe district kom pongcham province (សិក្សាពីការរុករានដីព្រៃដើម្បីធ្វើកសិកម្មនៅស្រុុកតំបែរ​ ខេត្តកំពង់ចាម)
Remainder of title
260 ## - PUBLICATION, DISTRIBUTION, ETC. (IMPRINT)
Place of publication, distribution, etc. Phnom Penh
Name of publisher, distributor, etc. RUA
Date of publication, distribution, etc. 2004
300 ## - PHYSICAL DESCRIPTION
Extent vii, 46p.
Other physical details ill.
Dimensions 29cm.
942 ## - ADDED ENTRY ELEMENTS (KOHA)
Source of classification or shelving scheme
Koha item type FOR
Holdings
Price effective from Date last seen Permanent Location Not for loan Date acquired Source of classification or shelving scheme Koha item type Lost status Withdrawn status Total Renewals Date last checked out Total Checkouts Shelving location Damaged status Barcode Current Location Full call number
2015-11-122017-11-10Library Block B 2015-11-12 FOR  12017-10-171B130 RUA41473Library Block BFOR CHH 2004 B130 Or.1
2016-02-032016-02-03Library Block B 2016-02-03 FOR       RUA035753Library Block BFOR CHH 2004 B130 Or.2
មជ្ឈមណ្ឌលឯការនៃសាកលវិទ្យាល័យភូមិន្ទកសិកម្មចំការដូង

Powered by Koha